000 00866nam a2200217Ia 4500
001 4249
003 GE_BSU
008 181216s||||||||xx |||||||||||||| ||und||
040 _cGE_BSU
080 _a665.63(075.8)
100 _aЧерножуков Н.И.
245 _aТехнология переработки нефти и газа.
245 _bЧ. 3-я Очистка и разделение нефтяного сырья, производство товарных Нефтепродуктов. изд. шестое переработанное и дополненное.
245 _cпод. ред. А.А. Гуреева, Б.И. Бондаренко.
260 _aМосква
260 _bХимия
260 _c1978
300 _a424 с. 22 см.
653 _aТехнология переработки нефти и газа.
942 _cBK
999 _c38259
_d38259